Prénoms célèbres n°9 - Statistiques

Statistiques générales
  • Ce quiz a été pris 432 fois
  • Le résultat moyen est 10 sur 16
Statistiques - réponses
Prénom Noms de famille % Correct
France D'Amour, Gall, Castel
95%
Guy de Maupassant, Georges, Ritchie
93%
Florence Foresti, Parly, Aubenas, Nightingale
90%
Sophie Marceau, Delila, Davant, Favier
88%
Guillaume Apollinaire, Tell, Gallienne
87%
Bruno Le Maire, Mars, Solo, Cremer
81%
Jean-Pierre Jeunet, Pernaut, Chevènement
78%
Camille Claudel, Saint-Saëns, Pissarro, Lou
73%
Gilles Bensimon, de Rais, Lellouche
71%
Romain Grosjean, Duris, Bardet
65%
Anthony Delon, Hopkins, Vignes
62%
Laurence Arné, Olivier, Ferrari, Bibot
52%
Rose Laurens, McGowan, Byrne
34%
Denise Benoit, Glaser, Richards, Fabre
33%
Stella Vander, McCartney, Maxwell
23%
Monique Pinçon-Charlot, Mélinand, Créteur
6%
Aucun quiz correspondant
Distribution des résultats
% des personnes avec chaque résultat
Percentile par nombre de réponses
Votre historique - résultats
Vous n’avez pas pris ce quiz